Arxiu Històric de la Diputació de Barcelona
Descripción Física:
1 tríptic : il., col., retrats ; 21 cm
MARC
| LEADER | 00000nam a2200000Ia 4500 | ||
|---|---|---|---|
| 001 | 16052 | ||
| 008 | 160829s9999 xx 000 0 cat d | ||
| 080 | |a FU-40-76 | ||
| 110 | 1 | |a Arxiu General de la Diputació de Barcelona |9 52704 | |
| 245 | |a Arxiu Històric de la Diputació de Barcelona | ||
| 260 | |a [Barcelona] : |b Diputació de Barcelona, [19-- ?] | ||
| 300 | |a 1 tríptic : |b il., col., retrats ; |c 21 cm | ||
| 590 | |a Conté un plànol de la seva ubicació | ||
| 610 | 1 | 0 | |a Arxiu General de la Diputació de Barcelona |9 52704 |
| 710 | 1 | |a Barcelona (Catalunya : Província). |b Diputació |9 52408 | |
| 901 | |a Arxiu | ||
| 942 | |n 1 | ||
| 952 | |0 0 |1 0 |4 0 |6 FU4076 |7 1 |9 48643 |a Arxiu |b Arxiu |d 2016-12-01 |l 0 |o FU-40-76 |p 16052 |r 2016-12-01 00:00:00 |w 2016-12-01 |y ARXIU | ||
| 999 | |c 52473 |d 52473 | ||